000
00328pab a2200145 454500
008
180718b1986 xxu||||| |||| 00| 0 eng d
100
_a
Joshi, P.N.
245
_a
Profitability and profit, planning in banks
260
_c
1986
300
_a
73-80
362
_a
12 July
650
_a
Banks
773
_a
Commerce
909
_a
4227
999
_c
4227
_d
4227